| 000 | 01178nam a2200241Ia 4500 | ||
|---|---|---|---|
| 003 | Ost | ||
| 005 | 20260507075322.0 | ||
| 008 | 260507s9999||||xx |||||||||||||| ||und|| | ||
| 020 | _a5814999957 | ||
| 040 | _cfsecg | ||
| 041 | _aara | ||
| 082 | _a338.1 | ||
| 100 |
_aعارف، جواد سعد _eمؤلف |
||
| 245 | 0 |
_aالاقتصاد الزراعي / _c جواد سعد عارف |
|
| 260 |
_aعمان: _bدار الراية للنشر والتوزيع, _c2010 |
||
| 300 |
_a170 صفحة؛ _bإيضاحات ؛ _c25 سم |
||
| 504 | _aببليوغرافيا: ص.169 | ||
| 520 | _aمفاهيم اقتصادية أساسية، سلوك المستهلك اقتصاديا و علاقته بالاعلان التجاري، المدخل الى الاقتصاد الزراعي، الاقتصاد الزراعي و الامن الغذائي، الزراعة و خصائصها و أنواعها، إدارة المزارع و التسويق الزراعي، الارشاد الزراعيذ، الريّ و الريّ بالتنقيط | ||
| 653 | _aالاقتصاد | ||
| 653 | _aالأمن الغذائي | ||
| 653 | _aالزراعة- اقتصاديات | ||
| 942 | _cكتاب | ||
| 999 |
_c43939 _d43939 |
||